LEADER 01424nam--2200433---450- 001 990002283940203316 005 20100125132027.0 035 $a000228394 035 $aUSA01000228394 035 $a(ALEPH)000228394USA01 035 $a000228394 100 $a20041217d1976----km-y0itay0103----ba 101 0 $aita 102 $aIT 105 $a||||||||001yy 200 1 $aOltre l'età dell spreco$equarto rapporto al Club di Roma$ericerca scientifica e politica delle risorse$fDennis Gabor, Umberto Colombo$gcon la collaborazione di Alexander King e Riccardo Galli$gpresentazione di Aurelio Peccei 210 $aMilano$cMondadori$d1976 215 $a238 p.$d21 cm 225 2 $aBiblioteca della EST 410 0$12001$aBiblioteca della EST 454 1$12001 461 1$1001-------$12001 676 $a333.7 700 1$aGABOR,$bDennis$026012 701 1$aCOLOMBO,$bUmberto$020286 702 1$aKING,$bAlexander 702 1$aGALLI,$bRiccardo 702 1$aPECCEI,$bAurelio 801 0$aIT$bsalbc$gISBD 912 $a990002283940203316 951 $a333.7 GAB 1 (Coll. AQH 2)$b43412 G.$cColl. AQH$d00270400 959 $aBK 969 $aECO 979 $aSIAV3$b10$c20041217$lUSA01$h1634 979 $aSIAV3$b10$c20041217$lUSA01$h1635 979 $aSIAVER$b90$c20041217$lUSA01$h1643 979 $aRSIAV4$b90$c20100125$lUSA01$h1320 996 $aOltre l'età dell spreco$91067577 997 $aUNISA LEADER 02454nam 22005415 450 001 9910879582403321 005 20250808093437.0 010 $a3-031-63418-7 024 7 $a10.1007/978-3-031-63418-5 035 $a(CKB)33992407300041 035 $a(MiAaPQ)EBC31603674 035 $a(Au-PeEL)EBL31603674 035 $a(DE-He213)978-3-031-63418-5 035 $a(EXLCZ)9933992407300041 100 $a20240814d2024 u| 0 101 0 $aeng 135 $aur||||||||||| 181 $ctxt$2rdacontent 182 $cc$2rdamedia 183 $acr$2rdacarrier 200 10$aSiC Technology $eMaterials, Manufacturing, Devices and Design for Power Conversion /$fedited by Maurizio Di Paolo Emilio 205 $a1st ed. 2024. 210 1$aCham :$cSpringer Nature Switzerland :$cImprint: Springer,$d2024. 215 $a1 online resource (317 pages) 311 08$a3-031-63417-9 327 $aOverview of Silicon Carbide -- SiC Material Properties -- Manufacturing Processes -- SiC Technology -- Applications of SiC in Power Conversion -- Case Studies -- Innovations and Advancements -- SiC Market -- Conclusion. 330 $aThis essential book offers comprehensive coverage of Silicon Carbide (SiC) technology, including materials, manufacturing processes, device development, and design approaches. Authored by leading experts, it provides authoritative insights for engineers, researchers, and enthusiasts. Understanding SiC's future impact on technology is crucial, making this publication indispensable for those seeking to leverage its transformative potential. Provides comprehensive reference on circuit design with SiC devices; Includes industrial and automotive applications; Explores manufacturing processes and reliability features. 606 $aElectronic circuit design 606 $aPower electronics 606 $aMaterials 606 $aElectronics Design and Verification 606 $aPower Electronics 606 $aMaterials for Devices 615 0$aElectronic circuit design. 615 0$aPower electronics. 615 0$aMaterials. 615 14$aElectronics Design and Verification. 615 24$aPower Electronics. 615 24$aMaterials for Devices. 676 $a621.3815 700 $aDi Paolo Emilio$b Maurizio$0720994 801 0$bMiAaPQ 801 1$bMiAaPQ 801 2$bMiAaPQ 906 $aBOOK 912 $a9910879582403321 996 $aSiC Technology$94206343 997 $aUNINA